000 00746nam a2200241 a 4500
005 20240913063800.0
008 991125s1980 es 000 0 spa u
020 _a8425410932
035 _aUPN01000000988
049 _aCG
050 4 _aHV9068
_bS9.28
100 1 _aSzabo, Denis,
_d1929-
245 1 3 _aEl adolescente y la sociedad /
_cDenis Szabo, Denis Gagné, Alice Parizeau ; tr. J. López.
260 _aBarcelona, Esp. :
_bHerder,
_c1980.
300 _a300 p.
440 0 _aBiblioteca de psicología ;
_v64
650 4 _aDelincuencia juvenil
_99217
650 4 _aCriminología
_97582
650 4 _aEDUCACION Y DELINCUENCIA
_919515
700 1 _aGagné, Denis,
_ecoaut.
700 1 _aParizeau, Alice,
_d1930-1990,
_ecoaut.
905 _aLibro
999 _c988
_d988